Empire : (Record no. 7313)
[ view plain ]
| 000 -LEADER | |
|---|---|
| fixed length control field | 00592nam a2200229 4500 |
| 001 - CONTROL NUMBER | |
| JCCL Control Number | 7313 |
| 003 - CONTROL NUMBER IDENTIFIER | |
| JCCL marc code | BD - Jhcc |
| 005 - DATE AND TIME OF LATEST TRANSACTION | |
| control field | 20180208181639.0 |
| 008 - FIXED-LENGTH DATA ELEMENTS--GENERAL INFORMATION | |
| fixed length control field | 880525s1987 enk 000 1 eng d |
| 020 ## - INTERNATIONAL STANDARD BOOK NUMBER | |
| International Standard Book Number | 0233981527 |
| 035 ## - SYSTEM CONTROL NUMBER | |
| system control number | (BD-JhCC)7313 |
| 040 ## - CATALOGING SOURCE | |
| Original cataloging agency | BD-JhCC |
| Modifying agency | BD-JhCC |
| 041 ## - LANGUAGE CODE | |
| Language code of Book | eng |
| 082 ## - DEWEY DECIMAL CLASSIFICATION NUMBER | |
| Classification number | 813/.54 |
| DDC Edition number | 19 |
| Author mark and Year | VID 1987 |
| 100 1# - MAIN ENTRY--PERSONAL NAME | |
| Personal name | Vidal, Gore |
| Dates associated with a name | 1925-2012. |
| 245 10 - TITLE STATEMENT | |
| Title | Empire : |
| Remainder of title | a novel / |
| Statement of responsibility, etc | by Gore Vidal |
| 260 ## - PUBLICATION, DISTRIBUTION, ETC. (IMPRINT) | |
| Place of publication, distribution, etc | London : |
| Name of publisher, distributor, etc | Deutsch, |
| Date of publication, distribution, etc | 1987 |
| 300 ## - PHYSICAL DESCRIPTION | |
| Pagination | 587 p. ; |
| Dimensions | 24 cm |
| 650 ## - SUBJECT ADDED ENTRY--TOPICAL TERM | |
| Topical term or geographic name as entry element | Fiction |
| Form subdivision | History |
| Chronological subdivision | 1901-1909 |
| Geographic subdivision | United State |
| 942 ## - ADDED ENTRY ELEMENTS (KOHA) | |
| Source of classification or shelving scheme | Dewey Decimal Classification |
| Koha item type | Books |
| Source of classification or shelving scheme | Damaged status | Not for loan | Home library | Current library | Shelving location | Total Checkouts | Full call number | Barcode | Date last seen | Date checked out | Copy number | Koha item type |
|---|---|---|---|---|---|---|---|---|---|---|---|---|
| Dewey Decimal Classification | JCC Rouf Library | JCC Rouf Library | General Stacks | 1 | 813/.54 VID 1987 | 9907 | 05/17/2022 | 05/16/2022 | C - 1 | Books |